根据啤酒品牌猜中国城市 - Statistics

General Stats
  • This quiz has been taken 204 times
  • The average score is 16 of 40
Answer Stats
啤酒品牌 城市 % Correct
澳门啤酒 澳门
99%
重庆啤酒 重庆
98%
大理啤酒 大理
97%
哈尔滨啤酒 哈尔滨
89%
青岛啤酒 青岛
82%
广氏菠萝啤 广州
80%
唐山啤酒 唐山
80%
南昌啤酒 南昌
79%
台湾啤酒 台北
78%
拉萨啤酒 拉萨
75%
燕京啤酒 北京
73%
海拉尔啤酒 海拉尔(呼伦贝尔)
70%
崂山啤酒 青岛
69%
泰山啤酒 泰安
69%
珠江啤酒 广州
62%
千岛湖啤酒 杭州
60%
西夏啤酒 银川
54%
光明(三得利) 上海
48%
漓泉啤酒 桂林
31%
黄河啤酒 兰州
29%
雪花啤酒 沈阳
26%
风花雪月 大理
25%
乌苏啤酒 乌苏
19%
澜沧江啤酒 云县-临沧市
16%
汉斯啤酒 西安
15%
惠泉啤酒 惠安-泉州市
12%
青海湖啤酒 兰州
11%
五星啤酒 北京
10%
力波啤酒 上海
9%
佳凤啤酒 佳木斯
7%
金士百啤酒 四平
6%
凯龙啤酒 大连
4%
雪鹿啤酒 包头
4%
金龙泉啤酒 荆门
3%
金星啤酒 郑州
3%
嘉禾啤酒 石家庄
2%
龙山泉啤酒 本溪
2%
雪津啤酒 莆田
2%
天湖啤酒 抚顺
1%
银麦啤酒 蒙阴-临沂市
0%
No matching quizzes found
Score Distribution
Percent of People with Each Score
Percentile by Number Answered
Your Score History
You have not taken this quiz